| 000 | 00850cam a2200301 i 4500 | ||
|---|---|---|---|
| 001 | 768714001 | ||
| 003 | CO-MdFUSB | ||
| 005 | 20241204092828.0 | ||
| 007 | ta | ||
| 008 | 241204t1979 -sp||||| |||| 00| 0 spa d | ||
| 020 | _a84-7228-460-3 | ||
| 040 | _cCO-MdFUSB | ||
| 041 | 0 | _aspa | |
| 082 | 0 | 4 |
_223 _a236.1 _bS344d |
| 100 | 1 |
_aSchlink, M. Basilea (1904-) _eautor |
|
| 245 | 1 | 0 |
_aQué hay después de la muerte? _c/ M. Basilea Schlink ; traducido por Eulalia Llargués |
| 264 | 1 |
_bClie, _aTerrassa, Barcelona, España : _c[1979] |
|
| 264 | 4 | _c©1979 | |
| 300 | _a155 páginas | ||
| 336 |
_atexto _btxt _2rdacontent |
||
| 337 |
_2rdamedia _asin mediación _bn |
||
| 338 |
_2rdacarrier _avolumen _bnc |
||
| 563 | _aRústico | ||
| 653 | _aEscatología | ||
| 700 |
_aLlargués, Eulalia _911170 _etraductor |
||
| 942 | _cBK | ||
| 945 | _aMiguel | ||
| 999 |
_c35009 _d35009 |
||